Association des dames françaises... (Record no. 26253)
[ view plain ]
| 000 -LEADER | |
|---|---|
| campo de control de longitud fija | 00403nam a2200121 i 4500 |
| 001 - NÚMERO DE CONTROL | |
| campo de control | 26253 |
| 003 - IDENTIFICADOR DE NÚMERO DE CONTROL | |
| campo de control | ES-MaACL |
| 007 - CAMPO FIJO DE DESCRIPCIÓN FÍSICA--INFORMACIÓN GENERAL | |
| campo de control de longitud fija | t| |
| 008 - DATOS DE LONGITUD FIJA--INFORMACIÓN GENERAL | |
| campo de control de longitud fija | 030108s1898 fr ||||1| fre d |
| 245 00 - MENCIÓN DEL TÍTULO | |
| Título | Association des dames françaises... |
| Resto del título | : compte rendu de la 21me Assemblée générale tenue le 23 novembre 1898 a la Sorbonne et annuaire de 1898. |
| 260 ## - PUBLICACIÓN, DISTRIBUCIÓN, ETC. | |
| Lugar de publicación, distribución, etc. | Paris : |
| Nombre del editor, distribuidor, etc. | [s.n., |
| Fecha de publicación, distribución, etc. | 1898] |
| 852 ## - LOCALIZACIÓN | |
| Ubicación | ES-MaACL |
| Número de control de estantería | T-917-F-3 |
| Estatus retirado | Estado de pérdida | Estado de daño | No para préstamo | Colección | Biblioteca de origen | Biblioteca actual | Ubicación en estantería | Fecha de adquisición | Fuente de adquisición | Total de préstamos | Signatura topográfica completa | Código de barras | Visto por última vez | Precio de reemplazo | Tipo de ítem Koha |
|---|---|---|---|---|---|---|---|---|---|---|---|---|---|---|---|
| Colección de folletos | Biblioteca del Ateneo de Madrid | Biblioteca del Ateneo de Madrid | Depósito folletos | 17/01/2008 | T-917-F-3 | 1027093 | 23/02/2023 | 23/02/2023 | Folleto |
